000 00265nam a22001217a 4500
008 180220b xxu||||| |||| 00| 0 eng d
041 _aeng
080 _a616
100 _a48
101 _asoc
245 _asociology of the law
_cwilliam.j.ch
942 _2udc
_cBK
999 _c42886
_d42886